00631nam a2200217 a 45000010010000000030011000100080041000210200015000620350026000770820014001031000022001172450034001392600037001736500017002108560043002279420012002709520090002829900006003729980020003789990015003980000-9384ELIB.Books110520 1979  a080546929X a(ELIB.Books)0000-9536 a232 bBas aBaskin, Joseph R. aWhy I believe in Jesus Christ bNashville: Broadman Press c1979 aJesus Christ nK.B.T.S LibraryuK.B.T.S Library ELIB. 2ddccBK 00102ddc4070aKBTSbKBTSd2011-05-20l0p6867r2022-01-22 00:00:00w2022-01-22yBK a1 cbate2011-05-20 c9384d9384